| 000 | 01513nam a2200265 i 4500 | ||
|---|---|---|---|
| 999 |
_c21212 _d21212 |
||
| 001 | vtls000851458 | ||
| 003 | NUKAT | ||
| 005 | 20220207100200.0 | ||
| 008 | 070219s2006 pl f u |000 0 pol c | ||
| 035 | _azz2007942961 | ||
| 039 | 9 |
_a200905270851 _bkopumk _c200703010530 _dkopumk _c200702210116 _dVLOAD _c200702201317 _dqbo |
|
| 040 |
_aPOZN 31/HS _cPOZN 31/HS _dPOZN 31/MK |
||
| 099 | 0 | _atoHS849 | |
| 245 | 0 | 0 |
_aKompatybilność elektromagnetyczna (EMC) - Część 4-14: Metody badań i pomiarów - Badanie odporności na wahania napięcia PN-EN 61000-4-14:2002/A1:2006P / _cPolski Komitet Normalizacyjny. |
| 246 | 3 | 0 | _aPN-EN 61000-4-14:2002/A1 |
| 246 | 1 | 3 | _aElectromagnetic compatibility (EMC) - Part 4-14: Testing and measurement techniques - Voltage fluctuation immunity test (IEC 61000-4-14: 1999/A1: 2001) |
| 260 |
_aWarszawa : _bPolski Komitet Normalizacyjny, _c2006. |
||
| 300 |
_a4 s. ; _c30 cm. |
||
| 336 |
_aTekst _btxt _2rdacontent |
||
| 337 |
_aBez urządzenia pośredniczącego _bn _2rdamedia |
||
| 338 |
_aWolumin _bnc _2rdacarrier |
||
| 500 | _aNiniejsza zmiana do normy jest polską wersją Zmiany do Normy Europejskiej EN 61000-4-14: 1999/A1: 2004. Została ona przetłumaczona przez Polski Komitet Normalizacyjny i ma ten sam status co wersje oficjalne. | ||
| 500 | _aZmiana do Polskiej Normy. | ||
| 590 | _aWprowadza EN 61000-4-14: 1999/A1: 2004, IDT, IEC 61000-4-14: 1999/A1: 2001, IDT ; Zatwierdzona przez Prezesa PKN dnia 18 września 2006 r. | ||
| 710 | 1 |
_aPolska. _bPolski Komitet Normalizacyjny. _91107 |
|
| 942 |
_2ddc _cBK |
||